00450nam a2200169Ia 4500003000400000005001700004008004100021020002200062040000700084041001200091082001900103100001600122245007200138260003900210300001800249365001300267OSt20250923184120.0210423s2018 xx 000 0 und d a978-93-528-0614-0 cAL aEnglish a303.623 bMENR aMeena Menon aRiots and after in Mumbaib: chronicles of truth and reconcillation aNew DelhibSage Publicationsc2018 axviii,267bPB b495cINR